[Event "Zuerich Kortschnoj KO"]
[Site "Zuerich"]
[Date "2001.04.29"]
[Round "3.2"]
[White "Kramnik, Vladimir"]
[Black "Kasparov, Garry"]
[Result "1-0"]
[WhiteElo "2797"]
[BlackElo "2827"]
[Annotator "Lutz,C"]
[PlyCount "71"]
[EventDate "2001.04.29"]
[EventType "k.o. (rapid)"]
[EventRounds "3"]
[EventCountry "SUI"]
[SourceTitle "CBM 083"]
[Source "ChessBase"]
[SourceDate "2001.07.05"]
[SourceVersion "1"]
[SourceVersionDate "2001.07.05"]
[SourceQuality "1"]

1. d4 {McShane} Nf6 2. c4 e6 3. Nf3 d5 4. Nc3 dxc4 5. e3 a6 6. Bxc4 b5 7. Bd3
c5 8. a4 b4 9. Ne4 Nbd7 {Man beachte, dass nun mit Zugumstellung aus dem
angenommenen Damengambit eine Variante aus dem Semi-Slawisch entstanden ist.
Die "normale" Zugfolge zu dieser Stellung ist 1.d4 d5 2.c4 c6 3.Nf3 Nf6 4.Nc3
e6 5.e3 Nbd7 6.Bd3 dxc4 7.Bxc4 b5 8.Bd3 a6 9.a4 b4 10.Ne4 c5.} 10. Nxf6+ (10.
Ned2) 10... Nxf6 11. O-O (11. dxc5) (11. b3) 11... Bb7 12. dxc5 Bxc5 13. Qe2
Qd5 14. Rd1 Qh5 15. h3 Rd8 16. Nd4 Qd5 17. Nf3 Ke7 $15 18. e4 $5 {Man kann
festhalten, dass die Eröffnung alles andere als ein Erfolg für Weiß gewesen
ist. Um seinen Figuren Luft zu geben, entschließt sich Kramnik daher zu einem
Bauernopfer, dass von unerwartetem Erfolg gekrönt ist.} Nxe4 19. Be3 Bxe3 20.
Qxe3 Qc5 21. Qe1 Nf6 22. Rac1 Qb6 23. Ne5 Rd4 $2 {Nun wendet sich das Blatt
dramatisch.} ({Nach} 23... Nd5 {muss Weiß erst noch die Kompensation für den
Bauern nachweisen.}) 24. Bxa6 $1 {Eine starkes Figurenopfer, aber es ging auch
prosaischer:} (24. Nc4 Rxc4 (24... Qc5 $2 25. Ne3 {nebst Nf5+.}) 25. Rxc4 $16 {
mit einer Mehrqualität, aber noch gewissen technischen Schwierigkeiten.}) 24...
Rxd1 (24... Bxa6 {McShane} 25. Rxd4 Qxd4 26. Nc6+) 25. Rxd1 Bxa6 (25... Qxa6
26. Qxb4+ Ke8 27. Rd6 Nd5 (27... Qa7 28. Qb5+ (28. Rb6 {McShane and Rb8 when
the bishop moves is decisive.}) 28... Ke7 29. Rb6 Rb8 30. Qc5+ Ke8 31. Rxe6+
$18) 28. Rxa6 Nxb4 29. Rb6 $18) 26. Qxb4+ {'!!' McShane.} Qxb4 27. Nc6+ Kf8 28.
Rd8+ Ne8 29. Nxb4 $18 {McShane: 'Kasparov is a piece for a pawn up but the
bishop is very short of squares and the a-pawn is a huge threat. Kramnik has a
winning position.' Für das Figurenopfer hat Weiß zwei schnelle Freibauern aum
Damenflügel, gegen die die eingeklemmten schwarzen Figuren machtlos sind.} Be2
(29... Ke7 30. Nc6+ Kf6 31. b4 $18 {, und die weißen Bauern laufen durch.}) (
29... Bc4 30. Rc8 Bd5 31. Nxd5 exd5 32. a5 $18) 30. f3 {McShane: 'Preventing
Bh5 and adding the option of Kg1-f2'} h5 31. b3 $1 {McShane: 'A quiet move to
take the last square away from the bishop. Once material is equal again the
pawns can advance at leisure.'  Die einfachste Lösung. Der Be2 wird einfach
abgeklemmt.} Rh6 32. Kf2 Rg6 33. Kxe2 Rxg2+ 34. Kd3 Rg3 35. a5 Rxf3+ 36. Kc4
1-0

[Event "Astana"]
[Site "Astana"]
[Date "2001.05.20"]
[Round "1"]
[White "Kramnik, Vladimir"]
[Black "Gelfand, Boris"]
[Result "1-0"]
[WhiteElo "2797"]
[BlackElo "2712"]
[Annotator "Ribli,Z"]
[PlyCount "119"]
[EventDate "2001.05.20"]
[EventType "tourn"]
[EventRounds "10"]
[EventCountry "KAZ"]
[EventCategory "20"]
[SourceTitle "CBM 084"]
[Source "ChessBase"]
[SourceDate "2001.09.13"]
[SourceVersion "1"]
[SourceVersionDate "2001.09.13"]
[SourceQuality "1"]

{[%mdl 36]} 1. d4 {Winants. Ftacnik} Nf6 2. Nf3 e6 3. g3 {Das ist eine kleine
Überraschung - Kramnik spielt selten die Katalanische Verteidigung.} d5 4. Bg2
Be7 5. c4 O-O 6. O-O dxc4 {Auf Großmeisterebene wird dieser Zug oft gespielt.
Er bringt Schwarz in die Nähe des Ausgleichs.} 7. Qc2 a6 8. a4 {Winants:
'L'une des grandes variantes du début catalan. Les Blancs contrôlent la grande
diagonale vers b7 et disposent d'un avantage d'espace.'} Bd7 {Winants: 'La
méthode consacrée : Les Noirs y projettent de contrecarrer l'action du Bg2
puis d'éliminer le pion central via c5.'} 9. Qxc4 (9. Rd1) 9... Bc6 10. Bg5 {
Natürlich spielt ein so starker Spieler wie Kramnik nicht 10.Nc3?. Danach
könnte sich Schwarz mit 10...b5! bereits Vorteil verschaffen, denn nach dem
Zug der Dame würde b5-b4 mit Tempo folgen.} Bd5 11. Qc2 (11. Qd3 c5) 11... Be4
12. Qd1 {Es ist schwer zu beurteilen, welcher Zug besser ist - 12.Qc1 oder der
Textzug.} (12. Qc1) 12... c5 {Winants: 'Tout cela figure dans les manuels
théoriques. Les Noirs ont pratiquement égalisé.'} 13. dxc5 (13. Nbd2 Bc6 14.
dxc5 (14. Nb3 Nbd7 $11) 14... Bxc5 15. Nb3 Be7 16. Qxd8 Rxd8 17. Na5 Bd5 18.
Ne5 $1 {1/2-1/2 Ribli,Z-Donev,I/Austria 1996/CBM 57 ext/[Donev] (53)}) 13...
Bxc5 {Dieser Zug ist - natürlich - viel logischer als der Damentausch auf d1.
Es ist interessant, dass Kramnik in dieser Stellung selbst schon einmal 13..
Qxd1?! gespielt hat.} (13... Qxd1 $6 14. Rxd1 Bxc5 15. Nc3 $14 {1/2-1/2
Khalifman,A-Kramnik,V/Dortmund 2000/CBM 78 (15)} (15. Nc3 Bc6 16. Ne5 $14)) (
13... h6 $5) 14. Qxd8 Rxd8 {Winants: 'La partie semble s'acheminer vers une
nullité ennuyeuse, mais il n'en est rien car les Noirs doivent encore résoudre
quelques problèmes de développement.'} 15. Nbd2 {Mit diesem Springerzug
gewinnt Weiß ein Tempo.} Bc6 {Winants: 'Ce Fou prend la case naturelle du Nb8'}
(15... Bd5 $2 16. e4 Bc6 17. e5 h6 18. Bh4 $16) 16. Nb3 Nbd7 {Ftacnik:
'Achieving any advantage for white in this tough variation is quite a
challenge.'} (16... Bb4 $5 17. Rfc1 Nbd7 18. Bd2 Bxd2 19. Nfxd2 Bxg2 20. Kxg2
Rdc8 $1 (20... Ne5 21. Nc4 Nxc4 22. Rxc4 Ne8 23. Rac1 Kf8 24. Rb4 Rab8 25. Nc5
$14 {1-0 Savchenko,S-Stefansson,H/2 IECC, Ohrid 2001 (38)}) 21. Nc4 Rab8 22.
Nca5 g5 23. Kf1 Kf8 24. Ke1 {1/2-1/2 Savchenko,S-Pigusov,E/Ohrid 2001/CBM
84_01 (24)}) (16... Be7 $5 17. Na5 ({Supposons :} 17. Rfc1 {Winants} Bd5 18.
Nfd4 Nc6 19. Nxc6 bxc6 20. Na5 {Et les Blancs conservent quelques atouts.})
17... Bd5 18. Ne1 {'?!' Winants.} Bxg2 19. Nxg2 Nc6) 17. Rfc1 (17. Nxc5 Nxc5
$11 {Weiß hat zwar das Läuferpaar, aber der Pa4 ist schwach; zudem
kontrolliert Schwarz die wichtigsten Felder.}) (17. Bxf6 {Ftacnik} gxf6 18.
Rfd1 (18. Nxc5 {Ftacnik} Nxc5 19. a5 Nb3 20. Ra3 Bd5 $15) 18... Bb4 $11) 17...
Bb6 (17... Bb4 $5 {[%csl Gb4]}) (17... Ba7 $5) 18. Nfd2 $5 {'!' Winants. Weiß
hat nichts besseres - er muss seinen katalanischen Läufer gegen den starken
Bc6 abtauschen.} (18. a5 {Ftacnik} Ba7 19. e3 h6 20. Bxf6 Nxf6 21. Nfd4 Bxg2
22. Kxg2 Nd5 23. Nc5 Rdc8 $15) 18... Bxg2 19. Kxg2 $11 {Weiß hat nur eine
mikroskopische kleine Initiative - Schwarz hat keine Schwächen. Ich möchte
aber an dieser Stelle darauf hinweisen, dass Kramnik in solch "langweiligen"
Stellungen vielleicht der stärkste Spieler der Welt ist. Winants: 'Menaçant
déjà de s'infiltrer sur la septième traverse via a5, puis Rc7.'} Rdc8 {Winants:
'[#]'} (19... Rac8) 20. Bxf6 {'!' Winants. Winants: 'Kramnik prépare le siège
des pions de l'aile Dame (b7 et a6) : Donc cet échange qui permet de jouer
avec deux pièces mineures contre une sur les cases blanches.'} Nxf6 (20... gxf6
21. Ne4 $14) 21. Nc4 Bc7 22. Nc5 {[%csl Gc4,Gc5]} Rab8 $6 {Dieser Zug ist ein
wenig passiv. Winants: 'Un choix difficile :'} (22... b5 $5 $11 23. Nd2 Bd6 24.
Ndb3 Kf8) (22... b6 {Winants échouait sur le sacrifice du Cavalier :} 23. Nxa6
$3 {On voit de quelles pointes sont émaillées des coups d'apparences anodines.}
Rxa6 24. Nd6 Bxd6 ({Si} 24... Rd8 {Winants} 25. Rxc7 Rxd6 26. Rc8+ {et le mat
du couloir}) ({ou} 24... Raa8 {Winants} 25. Nxc8 Rxc8 26. Rc6 {avec un clouage
décisif.}) 25. Rxc8+ Bf8 26. Rd1 h5 27. Rdd8 Nh7 28. Ra8 Rxa8 29. Rxa8 Nf6 30.
b4 {Et le pion passé gagnera bientôt une qualité.}) ({Cependant} 22... b5 $5 {
Winants valait peut-être mieux.}) 23. b4 {Winants: 'Les Noirs sont réduits а
l'expectative. Remarquez comment les Cavaliers blancs parviennent а dominer le
Fou des Noirs.'} Kf8 24. Rab1 {Winants: 'Pour effectuer une percée sur b5.'}
Ke7 (24... b5 25. Nxa6 {'!?' Ftacnik.} bxc4 26. Nxb8 Bxb8 27. b5 $16 {[%csl
Ga4,Gb5]}) 25. b5 Bd8 {Winants: 'Il ne lui reste que la huitième rangée !'} (
25... axb5 26. Rxb5) 26. Nd3 {Winants: 'Vers l'avant-poste e5.'} axb5 27. Rxb5
$14 {[%csl Gb5,Gc1,Gc4,Gd3] Weiß hat eine aktive Figurenstellung und
Initiative am Damenflügel.} b6 $6 (27... Nd7 $1 28. a5 Rc7) (27... Nd7 {
Winants Offrait de meilleures possibilités. Le coup choisi affaiblit c6
inutilement.}) 28. Nde5 {Winants: 'La tâche des Noirs se complique : Il faut
maintenant tenir compte de toute une série de petites menaces désagréables :
Le doublement des Tours sur la colonne -b-, le sacrifice sur f7, la fourchette
sur c6 etc.'} Kf8 $2 {[%mdl 8192] Ftacnik: 'Gelfand makes a serious mistake
and the punishment will be severe. In the endgame without a pawn black 's
chances for survival are not great.' Winants: 'Une faute dans une position
difficile. [#]'} (28... Ne4 $5 29. Rd1 {[%cal Rd1d7,Rd7e7]} f6 (29... Rb7 30.
Rd4 $16) 30. Rd7+ Ke8 (30... Kf8 31. Rxd8+ Rxd8 32. Nc6 $16) 31. Rd4 Nc3 32.
Nd6+ Ke7 (32... Kf8 $4 33. Nd7+ $18) 33. Nxc8+ Rxc8 34. Rd7+ $5 (34. Rc4 Rxc4
35. Nxc4 Nxb5 36. axb5 $11) 34... Ke8 35. Rb4 g5 $132 (35... fxe5 36. Rxg7 $36)
36. Rxd8+ Kxd8 37. Nd3 $11) 29. Nxb6 $1 {Mit diesem Zug gewinnt Weiß einen
Bauern. Winants: 'Première récolte !'} Rxc1 {Winants: 'Le moindre mal : Si'} (
29... Bxb6 {Ftacnik} 30. Rxb6 Rxb6 31. Rxc8+ Ke7 32. Ra8 $16) 30. Nbd7+ {
[%cal Rd7b8,Rd7f8]} Nxd7 (30... Ke8 {Ftacnik} 31. Nxb8 Bc7 32. Nd3 $16) 31.
Nxd7+ Ke8 32. Nxb8 $16 {[%mdl 4096] Weiß hat einen Bauern mehr, und sein
a-Freibauer ist stark. Aber die Realisierung des Materialvorteils ist nicht
leicht, weil Schwarz mit seinen Turm und Läufer einige Gegenchancen hat.} Rc8
33. Na6 Rc2 {Winants: 'Pour conduire la Tour derrière le pion passé.'} (33...
Ra8 {Ftacnik} 34. Nc5 $16) 34. e3 Ra2 {[%csl Ga2][%cal Ga2h2,Ga2a4] Der
schwarze Turm steht aktiv auf a2. Er kontrolliert gleichzeitig den a-Bauern
und die weißen Bauern am Königsflügel. Ohne Springer und Läufer wäre dieses
Endspiel übrigens theoretisch Remis.} 35. Nc5 {Winants: 'Sans les pièces
mineures, les Noirs auraient encore de bonnes chances nullité. D'ailleurs la
façon dont Kramnik parvient а forcer le gain en harcelant continuellement le
Fou se révèle particulièrement instructive.'} Bc7 (35... Be7 $2 36. Rb8+ Bd8
37. Nb7 $18) 36. Rb7 Kd8 (36... Bd6 37. Ne4 Be7 38. Ra7 $16) 37. Rb4 Ke7 (37...
Bd6 38. Nb7+ Kc7 39. Nxd6 Kxd6 40. Rb7 $18 {[%cal Rb7h7]} Rxa4 41. Rxf7 Rg4 42.
f4 $18) 38. Ne4 f5 39. Rb7 {Winants: 'Voilà : la Tour doit abandonner la case
a2.'} Rc2 (39... fxe4 40. Rxc7+ Kf6 41. Rc4 (41. Ra7 $16) 41... Kf5 42. h3 $16)
(39... Kd7 $2 {Winants} 40. Nc3 Rc2 41. Nb5 {Et gagne.}) 40. Ng5 h6 41. Nf3 {
[%cal Gf3d4] Winants: 'Vers d4 puis b5'} Kf6 42. Nd4 Rc4 43. Nb5 (43. Nb3 $16 {
[%cal Ga4a5]}) 43... Be5 (43... Bd8 {Ftacnik} 44. Rf7+ Kg6 45. Ra7 $18) 44. f4
(44. a5 $16) 44... Bc3 {Winants: '[#]'} (44... Rc2+ {Ftacnik} 45. Kf3 Ba1 46.
h4 $18) 45. Rf7+ $1 {Ftacnik: 'Kramnik is right to exchange rooks, with light
pieces the proces of advantage conversion will be much easier.'} Kxf7 (45...
Kg6 46. Ra7 $16 (46. Rc7 $18 {Ftacnik})) 46. Nd6+ {[%cal Rd6c4,Rd6f7]} Ke7 47.
Nxc4 {[%csl Ga4] Wenn sich an beiden Flügeln Bauern befinden, ist der Läufer
gewöhnlich wertvoller als der Springer. Hier aber hat Weiß einen Mehrbauern
und dank seines entfernten Freibauerns gute Gewinnchancen.} Kd7 48. Kf3 Kc6 49.
e4 {Winants: 'Ouvre un second front pour prendre la défense а contre-pied.'}
Kc5 50. Ne5 fxe4+ (50... Kb4 51. Nd7 Kxa4 52. Nc5+ $16) (50... Bxe5 {Ftacnik}
51. fxe5 fxe4+ 52. Kxe4 Kc4 53. a5 Kb5 54. Kd4 $18) 51. Kxe4 Kb4 52. Nc6+ Kxa4
{Winants: 'Les Noirs ont éliminé le danger а l'aile Dame, mais les problèmes
surgissent de l'autre côté de l'échiquier.'} 53. Nd4 Kb4 (53... Bxd4 54. Kxd4
$18) 54. Nxe6 {[%csl Rb4] Weiß hat einen Bauern mehr, aber das Material ist
reduziert. Das Hauptproblem für Schwarz besteht darin, dass sein König
hoffnungslos weit von seinen Bauern entfernt ist.} Kc4 (54... Kb5 55. Kf5 Kc6
56. Kg6 $18) 55. g4 Bf6 56. h3 {Winants: 'Zugzwang !'} Bb2 (56... Kb5 {Winants}
57. Kd5) (56... g6 {Winants} 57. g5 hxg5 58. fxg5 Be7 59. h4 {puis Nf4}) 57. h4
Bc3 58. f5 Bb2 {Winants: '[#]'} 59. Nxg7 $1 $18 {Ftacnik: 'The march of white
pawns is unstoppable, due to their ability to queen they are more valuable
than the knight.' Nach diesem Springeropfer ist Schwarz verloren - die weißen
Bauern gewinnen. Winants: 'Une conclusion élégante !'} (59. g5 $18 {Ftacnik})
59... Bxg7 60. g5 1-0

[Event "Astana"]
[Site "Astana"]
[Date "2001.05.24"]
[Round "4"]
[White "Kramnik, Vladimir"]
[Black "Kasparov, Garry"]
[Result "1/2-1/2"]
[WhiteElo "2797"]
[BlackElo "2827"]
[Annotator "Krasenkow,M"]
[PlyCount "59"]
[EventDate "2001.05.20"]
[EventType "tourn"]
[EventRounds "10"]
[EventCountry "KAZ"]
[EventCategory "20"]
[SourceTitle "CBM 084"]
[Source "ChessBase"]
[SourceDate "2001.09.13"]
[SourceVersion "1"]
[SourceVersionDate "2001.09.13"]
[SourceQuality "1"]

1. d4 Nf6 2. c4 g6 3. Nc3 d5 4. cxd5 Nxd5 5. e4 Nxc3 6. bxc3 Bg7 7. Nf3 c5 8.
Be3 Qa5 9. Qd2 Nc6 10. Rc1 cxd4 11. cxd4 Qxd2+ 12. Kxd2 O-O 13. d5 Rd8 14. Ke1
Na5 15. Bg5 Bd7 16. Bd3 Rdc8 17. Ke2 e6 18. Rxc8+ Rxc8 19. Rc1 {For some
reasons Kramnik decided not to play his famous} (19. Be3 {this time. However,
the text move doesn't bring White any advantage. The endgame arising is
approximately equal.}) 19... Rxc1 20. Bxc1 exd5 21. exd5 b5 {Of course, Black
must make use of his main trump, the queenside pawn advantage.} 22. Bf4 ({Or} 
22. Be3 a6 23. Nd2 (23. Bd4 Bxd4 24. Nxd4 Kf8 25. Ke3 Ke7 26. Nf3 f6 27. Kd4
Kd6 28. Nd2 f5 29. f4 Be8 30. Nf1 Bf7 31. Ne3 Bxd5 $1 32. Nxd5 Nc6+ 33. Ke3
Kxd5 34. h4 Kc5 35. h5 Nb4 {0-1 Tatai,S-Ftacnik,L/Dortmund 1981/MCD (35)})
23... f5 $1 {it is useful not to allow the white knight to e4} 24. Bb6 Nb7 25.
Nf3 Be8 26. Ng5 Bf7 27. Nxf7 Kxf7 28. f3 Ke7 29. Bc7 Nc5 30. Bc2 Kd7 31. Bf4 a5
{The advance of Black's queenside pawns compensates White's pair of bishops.}
32. Kd2 a4 33. Kc1 b4 34. Kb1 b3 35. axb3 axb3 36. Bd1 Bd4 37. Be2 b2 38. Bb5+
Ke7 39. h3 Nb7 40. Bc6 Nd6 41. Bd2 Kf6 42. Bb4 Be5 43. f4 Bxf4 44. Kxb2 Ne4 {
1/2-1/2 Likavsky,T-Brendel,O/Ohrid 2001/CBM 84 (62)}) 22... Nc4 (22... Kf8 {
is possible, too:} 23. Bd6+ Ke8 24. Ne5 Nb7 25. Bb8 a6 26. Nxd7 Kxd7 27. f4 Bf8
28. Be5 Nc5 29. Bc2 Be7 30. Ke3 f6 31. Bc3 Kd6 32. f5 g5 33. Kd4 Bd8 34. Be1
Bb6 35. Bg3+ Kd7 36. h3 Ne6+ 37. Ke4 Nc5+ 38. Kd4 Ne6+ 39. Ke4 Nc5+ {1/2-1/2
Caessens,R-Fette,M/Groningen 1988/EXT 97 (39)}) 23. Bxc4 bxc4 24. Be5 Bf8 25.
Nd2 Bb5 26. Ne4 f5 27. Nc3 Bd7 28. Ke3 {[%cal Re3d4] If now the white king
comes to the central d4 square, White will obtain some winning chances.
However...} Bc5+ 29. Bd4 Bb4 30. Be5 1/2-1/2

[Event "Astana"]
[Site "Astana"]
[Date "2001.05.28"]
[Round "7"]
[White "Kramnik, Vladimir"]
[Black "Sadvakasov, Darmen"]
[Result "1-0"]
[WhiteElo "2797"]
[BlackElo "2585"]
[Annotator "Huzman,A"]
[PlyCount "41"]
[EventDate "2001.05.20"]
[EventType "tourn"]
[EventRounds "10"]
[EventCountry "KAZ"]
[EventCategory "20"]
[SourceTitle "CBM 084"]
[Source "ChessBase"]
[SourceDate "2001.09.13"]
[SourceVersion "1"]
[SourceVersionDate "2001.09.13"]
[SourceQuality "1"]

1. d4 {Ftacnik} d5 2. c4 dxc4 3. Nf3 Nf6 4. e3 e6 5. Bxc4 c5 6. O-O a6 7. a4
Nc6 8. Qe2 Qc7 9. Rd1 Bd6 10. dxc5 {'!' Ftacnik.} Bxc5 11. b3 O-O 12. Bb2 e5
13. Nc3 $1 $146 {[%cal Gc3d5] Ftacnik: 'The novelty in a well known position,
white would gladly save a tempo usually used for a modest prophylactic move h3.
'} (13. h3 Qe7 (13... e4 14. Nfd2 (14. Ng5 h6 (14... Qe7 15. Nd2 Bf5 16. Nf1
Bg6 17. Ng3 Bb4 18. h4 Rfd8 19. Nh3 h6 20. Nf4 Bh7 21. Ngh5 Ne8 22. g3 Qc5 23.
Nd5 Bf5 24. Nhf4 $36 {1-0 Pigg,H-Wikman,B/FIN-ch corr 1997/Corr 2000 (36)}) 15.
Bxf6 hxg5 16. Bb2 Ne5 17. Nc3 Nxc4 18. Qxc4 Be6 19. Nd5 Qc6 20. Rac1 Rad8 21.
Qc3 f6 22. Nxf6+ gxf6 23. Rxd8 Rxd8 24. Qxf6 $18 {1-0 Zhukova,N-Skripchenko,A/
Belgrade YUG 2000 (37)}) 14... Ne5 15. Nc3 Nxc4 16. bxc4 Re8 17. Nd5 Nxd5 18.
cxd5 Bd7 19. Rdc1 Rac8 20. Rc4 Bf5 21. Nb3 Qd6 22. Rxc5 Rxc5 23. Ba3 b6 24.
Bxc5 bxc5 25. Qc4 Rd8 26. Rd1 Be6 27. Nxc5 Bxd5 28. Qd4 $18 {1-0 Magerramov,
E-Flear,G/Montpellier op-A 1999 (37)}) 14. Nc3 e4 $5 (14... Be6 15. Nd5 Nxd5
16. Bxd5 Bxd5 17. Rxd5 Rad8 18. Rad1 e4 (18... Bd6 19. Qc4 Bc7 20. e4 h6 21. g3
Kh7 22. Kg2 f6 23. Nh4 Rf7 24. Rxd8 $14 {Panczyk-Radulov/Polanica Zdroj/1982/0.
5 (36)}) 19. Ne5 Rxd5 20. Rxd5 Rd8 21. Nxc6 bxc6 22. Re5 Qd6 23. Rxe4 Qd1+ 24.
Qxd1 $16 {Pinter,J-Radulov,I/Baile Herculane zt/1982/1-0 (49)}) 15. Nd2 Bf5 16.
Nf1 Rad8 17. Ng3 Bg6 18. Rxd8 Rxd8 19. Rd1 Nb4 20. Rxd8+ Qxd8 21. Nb1 Ne8 22.
Nd2 Nd6 23. Qg4 b5 24. axb5 axb5 25. Bf1 f5 $11 {1-0 Lutz,C-Huebner,R/Munich
1993/CBM 36/[Ftacnik] (32)}) 13... e4 $6 (13... Nb4 14. Ng5 (14. Rac1 e4 15.
Ng5 Bg4 16. f3 exf3 17. gxf3 Rae8 $1) 14... Bg4 15. f3 Bf5 $13) (13... Bg4 $5)
(13... Qe7 $5) 14. Ng5 Bd6 $2 (14... Bg4 15. Nd5 Bxe2 16. Nxc7 Bxd1 17. Nxa8
Bh5 (17... Bc2 18. Rc1 Nb4 19. Ba3 Nd3 20. Rxc2 Bxa3 21. Nb6 Ne5 $11) 18. Bxf6
(18. Nc7 Be7 19. Rc1 Rc8 20. Nxa6 (20. Nce6 $36)) 18... Bg6 $1 {'!?' Ftacnik.}
(18... gxf6 19. Nxe4 Be7 20. Nb6 $18) 19. Bxg7 (19. Bb2 Rxa8 20. Rd1 Be7 21.
Nh3 Rd8 22. Rxd8+ Nxd8 (22... Bxd8 23. Nf4 $16) 23. Nf4 Bf5 $14) 19... Kxg7 20.
Nc7 Kf6 21. Nh3 Rd8 22. Nf4 Na5 $132) (14... Qe7 15. Nd5 Nxd5 16. Rxd5 b6 17.
Nxh7 Kxh7 18. Qh5+ Kg8 19. Rg5 $18) 15. Nd5 $1 (15. h3 $5 $16) 15... Nxd5 16.
Rxd5 {'!' Ftacnik. Ftacnik: 'White piees are dangerously grouping on the
squares leading to the black's king.'} (16. Qh5 {Ftacnik} Bf5 17. Bxd5 Bg6 $14)
16... Bxh2+ 17. Kh1 Be5 (17... h6 18. Qh5 (18. Nxe4 Be5 19. Rad1 Bxb2 20. Qxb2
Be6 $11) 18... Be5 19. Nxf7 Rxf7 20. Bxe5 Qe7 21. Rad1 Be6 $14) 18. Qh5 Bf5 $2
(18... h6 19. Rxe5 (19. Nxf7 Rxf7 20. Bxe5 (20. Rxe5 Nxe5 21. Bxe5 Qe7 22.
Qxf7+ Qxf7 23. Bxf7+ Kxf7 24. Rc1 $16) 20... Qe7 (20... Nxe5 21. Rxe5 $18))
19... Nxe5 20. Nxf7 Rxf7 (20... Nxf7 21. Qg6 $18) (20... Nxc4 21. Nxh6+ Kh7 22.
Nf7+ Kg8 23. Qh8+ Kxf7 24. Qxg7+ Ke6 25. Qxc7 Nxb2 26. Qb6+ Kf7 (26... Ke7 27.
Qd4 Rxf2 28. Kg1 Re2 29. Kf1 $18) 27. Rc1 $18) 21. Bxe5 Qe7 22. Qxf7+ (22. Qg6
Qh4+ 23. Bh2 Qf6 (23... Qxf2 24. Rd1 $18) 24. Qxf6 gxf6 25. Bf4 Bg4) 22... Qxf7
23. Bxf7+ Kxf7 24. Rc1 $16) 19. Nxf7 $1 Rxf7 (19... Bxb2 20. Rxf5 g6 (20...
Bxa1 {Ftacnik} 21. Ng5+ (21. Ne5+ {Ftacnik} Kh8 22. Ng6#) 21... Kh8 22. Qxh7#)
21. Nd8+ (21. Qh6 gxf5 22. Nd8+) 21... Kg7 22. Ne6+ $18) (19... Qxf7 20. Rxe5
$18) 20. Qxf5 {'!' Ftacnik. Ftacnik: 'The fight of the two players very
different in strength is resulting in an early decision.'} g6 (20... Bxb2 21.
Rd7 $18 Kh8 22. Qxf7 Qe5 23. Rad1 $18) (20... Rxf5 21. Rd8#) (20... Kh8 21.
Bxe5 $18) 21. Bxe5 1-0